LEADER 01220nam a2200277 i 4500 001 000000174035 003 CaOOAMICUS 005 20081001000000.0 008 081001s1984 it u000 u ita u 013 $a151492 020 $a88-221-0090-5 040 $aSeMil$bita 100 1 $aHegel, Georg Wilhelm Friederich,$d<1770-1831>.$0(OLS)http://semarc/name/642 245 10$aFenomenologia dello spirito /$cG.W.F. Hegel ; antologia a cura di Marco Vannini. 260 $aFirenze :$bLa Nuova Italia,$c1984. 300 $aXL, 98 p. ;$c22 cm. 490 0 $aPensatori antichi e moderni ;$v113 650 4$aHegel, Georg Wilhelm Friedrich <1770-1831> - Pensiero filosofico.$0(OLS)http://semarc/subject/29529 700 1 $aVannini, Marco,$d<1948- >.$0(OLS)http://semarc/name/3166 830 0$aPensatori antichi e moderni ;$v113.$0(OLS)http://semarc/title/7234 850 $aSeMil 852 $aSeMil$W1$xVenegono$y1$m2OA I 32$j212278$B124880$CSeMilBibl$Z2$F136567 $81 961 $aOmaggio: Altro 996 $6020$a88-221-0090-5$9(OLS)http://semarc/number/161851 996 $6245$aFenomenologia dello spirito$9(OLS)http://semarc/title/249423 996 $6260$aFirenze :$bLa Nuova Italia$9(OLS)http://semarc/publisher/30055 LEADER 00514nab a2200145 i 4500 001 000000310646 003 CaOOAMICUS 005 20180831173018.0 008 180831n xx uu u0 0und r 013 $a19737 040 $aSeMil$bita 100 1 $aNasoni, Angelo,$c.$0(OLS)http://semarc/name/12825 245 13$aIl Clero giovane nelle questioni politiche e sociali. 773 0 $t[Luglio-Dicembre].$g414-425$w()274039 996 $6245$aIl Clero giovane nelle questioni politiche e sociali$9(OLS)http://semarc/title/385388